000 01694nam a2200289Ia 4500
001 H0256
003 IT-RoPAU
008 130308s9999 xx 000 0 und d
040 _aIT-RoPAU
040 _cIT-RoPAU
041 _aFRANCESE
100 _aRastier Francois
100 _gCodice Aut. SPICS: 12934
245 _aArts et sciences du texte
245 _bArts et Sciences Du Texte
250 _a1a ed.
260 _aPARIS
260 _bPresses Universitaires France
260 _c2001 [1° Ed.:2001 - Ed.Ling.Originale:2001]
300 _a"316 p. (prefazione: 8; testo: 308 [pagine: 0-0])"
500 _a"Arti e Scienze del testo . Linguistica e Semantica dei Testi: Cos'E' un testo ; Statuto di una Linguistica dei Testi: Oggetti e Obiettivi; Semantica dei Testi. Semiotica: dal Segno al testo : Semiotica Come Teoria del testo ; Hjelmslev e I Limiti di un paradigma Semiotico del testo . Filologia Numerica:Situazione Epistemologica; campi della Filologia Numerica; Rinnovamenti dell'Interpretazione. Ermeneutica Materiale: Fattori Epistemologici; Deficit Ermeneutici delle Scienze del Linguaggio; strategie Interpretative. Retorica e Interpretazione: Esempio dei Tropi; Tropi e Significazione; Semantica Lessicale e Tropi; Semantica interpretativa dei Tropi. stilistica e Linguistica degli Stili. tematica e topica. Poetica Generalizzata: Generi ed Enunciazione; Proposizioni Descrittive; Dai Generi All'Intertesto; Dibattiti nella Linguistica dei Generi; Generi e mediazioni Simboliche. Epilogo: Testi e Scienze della Cultura. Glossario. Bibliografia."
650 _aLINGUISTICA
650 _eCodice materia Spics: 3201
942 _cBK
957 _71
999 _c87782
_d87782
999 _g1